000 00554nam a2200205Ia 4500
003 OSt
005 20230330161421.0
008 210423s2007 xx 000 0 und d
020 _a9788174465641
040 _cAL
041 _aeng
082 _a658.1511 PANM
100 _aPANDIKUMAR (M P).
_980467
245 _aManagement accounting.
260 _aNew Delhi
_bExcel Books
_c2007
300 _ax,457
_bPB
365 _b295
_cINR
906 _aaccounting ; accounting. ; accounting: ; Management ; practice ; practice. ; theory
942 _2ddc
_cBK
999 _c157643
_d157643